| 000 | 01035nam0a22002411 4500 | ||
|---|---|---|---|
| 001 | rc\2762112 | ||
| 005 | 20250529152713.0 | ||
| 035 | _a(NLR Aleph) 006888682 | ||
| 090 |
_a7123338 _c7123338 |
||
| 100 | _a20110915d1940 |||y0rusy50 ca | ||
| 101 | 0 | _arus | |
| 102 | _aRU | ||
| 105 | _ay z ||||| | ||
| 200 | 1 |
_aПорядок рассмотрения трудовых конфликтов и вопросы охраны труда работников школ _fСоставитель: С. В. Малышев _gЦК Проф. союза работников нач. и сред. школ Юга РСФСР |
|
| 210 |
_aРостов-на-Дону _cРостведиздат _d1940 |
||
| 215 |
_a36 с., без обл. _d20 см. |
||
| 300 | _aНа обороте тит. л. указан составитель: С. В. Малышев | ||
| 702 | 1 |
_aМалышев _bС.В. _gСергей Владимирович _4220 |
|
| 801 | 0 |
_aRU _bNLR _gpsbo |
|
| 801 | 1 |
_aRU _bELAR _2rusmarc |
|
| 852 |
_aNLR _j40-10/3899 |
||
| 942 | _cBOOK | ||
| 980 | _aNB | ||